[Event "New York Spring IM-B"]
[Site "New York"]
[Date "2023.04.08"]
[Round "6.2"]
[White "Bortnyk, Mariia"]
[Black "Paragua, Mark"]
[Result "0-1"]
[WhiteElo "2188"]
[BlackElo "2442"]
[PlyCount "82"]
[EventDate "2023.04.05"]
[EventType "team-tourn"]
[EventRounds "9"]
[EventCountry "USA"]
[SourceTitle "CBM 213 Extra"]
[Source "ChessBase"]
[SourceDate "2023.05.31"]
[SourceVersion "1"]
[SourceVersionDate "2023.05.31"]
[SourceQuality "1"]
[WhiteTeam "Team 2"]
[BlackTeam "Team 1"]
[WhiteTeamCountry "USA"]
[BlackTeamCountry "USA"]

1. e4 c5 2. Nc3 Nc6 3. Nge2 g6 4. g3 Bg7 5. Bg2 d6 6. d3 Rb8 7. a4 a6 8. Be3 Nd4 9. 0-0 b5 10. axb5 axb5 11. Qd2 e6 12. f4 b4 13. Nd1 Ne7 14. Nxd4 cxd4 15. Bf2 0-0 16. b3 e5 17. Ra4 Qc7 18. Be1 Bd7 19. Rxb4 Bb5 20. f5 f6 21. g4 Nc6 22. Rxb5 Rxb5 23. Nb2 Ra5 24. g5 fxg5 25. Qxg5 Ra2 26. Nc4 Bf6 27. Qg4 g5 28. h4 Qg7 29. h5 Rxc2 30. Qd1 Rc3 31. b4 Qb7 32. Na5 Nxa5 33. Bxc3 dxc3 34. bxa5 Rc8 35. Rf2 Kh8 36. Bf3 Qa7 37. Kg2 g4 38. Bxg4 Rg8 39. h6 Qe3 40. Qf3 Qxh6 41. Qh3 Qg5 0-1

[Event "New York Spring IM-B"]
[Site "New York"]
[Date "2023.04.07"]
[Round "4.3"]
[White "Bortnyk, Mariia"]
[Black "Lee, Alice"]
[Result "0-1"]
[WhiteElo "2188"]
[BlackElo "2391"]
[PlyCount "82"]
[EventDate "2023.04.05"]
[EventType "team-tourn"]
[EventRounds "9"]
[EventCountry "USA"]
[SourceTitle "CBM 213 Extra"]
[Source "ChessBase"]
[SourceDate "2023.05.31"]
[SourceVersion "1"]
[SourceVersionDate "2023.05.31"]
[SourceQuality "1"]
[WhiteTeam "Team 2"]
[BlackTeam "Team 3"]
[WhiteTeamCountry "USA"]
[BlackTeamCountry "USA"]

1. e4 c6 2. Nc3 d5 3. Nf3 Bg4 4. h3 Bxf3 5. Qxf3 e6 6. d4 Bb4 7. Bd3 dxe4 8. Qxe4 Nf6 9. Qh4 Nbd7 10. Bd2 Nb6 11. a3 Bxc3 12. Bxc3 Na4 13. Qg3 Nxc3 14. bxc3 0-0 15. 0-0 Qe7 16. f4 Qc7 17. Qh4 c5 18. Rae1 c4 19. Be4 Nxe4 20. Rxe4 Qa5 21. Rf3 Qxa3 22. Rg3 Rfe8 23. Re5 Qe7 24. Qh6 g6 25. Rh5 Qf6 26. Qxh7+ Kf8 27. Rc5 Rec8 28. Qh6+ Ke7 29. Rb5 b6 30. d5 Rh8 31. Qg5 Qxg5 32. Rxg5 exd5 33. Rgxd5 Rhd8 34. Re5+ Kf6 35. Rb4 Rac8 36. g4 Rd2 37. g5+ Kg7 38. Re7 Rxc2 39. Rxa7 Rc6 40. Rb1 Rxc3 41. Re1 Rf3 0-1

[Event "New York Spring IM-B"]
[Site "New York"]
[Date "2023.04.06"]
[Round "2.3"]
[White "Bortnyk, Mariia"]
[Black "Navrotescu, Andreea Cristiana"]
[Result "1-0"]
[WhiteElo "2188"]
[BlackElo "2253"]
[PlyCount "40"]
[EventDate "2023.04.05"]
[EventType "team-tourn"]
[EventRounds "9"]
[EventCountry "USA"]
[SourceTitle "CBM 213 Extra"]
[Source "ChessBase"]
[SourceDate "2023.05.31"]
[SourceVersion "1"]
[SourceVersionDate "2023.05.31"]
[SourceQuality "1"]
[WhiteTeam "Team 2"]
[BlackTeam "Team 4"]
[WhiteTeamCountry "USA"]
[BlackTeamCountry "USA"]

1. e4 c5 2. Nc3 Nc6 3. Nge2 e5 4. Nd5 d6 5. Nec3 a6 6. a4 Nge7 7. Bc4 Rb8 8. d3 Nxd5 9. Bxd5 Be7 10. f4 0-0 11. 0-0 Nd4 12. f5 Kh8 13. Ne2 Bg5 14. Nxd4 cxd4 15. Qh5 Bxc1 16. Raxc1 f6 17. Rf3 h6 18. Rg3 Qe7 19. c3 dxc3 20. Rxc3 Bd7 1-0

[Event "UKR-ch U20 Girls rapid"]
[Site "Lvov"]
[Date "2017.03.01"]
[Round "7"]
[White "Bortnyk, Mariia"]
[Black "Martynkova, Olena"]
[Result "0-1"]
[WhiteElo "2124"]
[BlackElo "1899"]
[PlyCount "72"]
[EventDate "2017.03.01"]
[EventType "swiss (rapid)"]
[EventRounds "9"]
[EventCountry "UKR"]
[SourceTitle "EXT 2018"]
[Source "ChessBase"]
[SourceDate "2017.10.13"]
[SourceVersion "1"]
[SourceVersionDate "2017.10.13"]
[SourceQuality "1"]

1. e4 c5 2. Nf3 e6 3. c3 d5 4. exd5 exd5 5. d4 Nc6 6. Bb5 Bd6 7. 0-0 Nge7 8. Nbd2 0-0 9. dxc5 Bxc5 10. Nb3 Bd6 11. Be3 Bg4 12. Nbd4 Nxd4 13. Bxd4 Nf5 14. Be2 Re8 15. h3 Bh5 16. Re1 Nxd4 17. Qxd4 Re4 18. Qd2 Qe7 19. Nd4 Qe5 20. f4 Rxf4 21. Bxh5 Qxh5 22. Nb5 Bc5+ 23. Kh2 Rf2 24. Qd3 Qg5 25. Qg3 Qxg3+ 26. Kxg3 Rxb2 27. a4 Bf2+ 28. Kf3 Bxe1 29. Rxe1 a6 30. Nc7 Rc8 31. Nxd5 Kf8 32. Re5 f6 33. Rh5 h6 34. g4 Rc5 35. Ke4 Rc4+ 36. Kf5 Kf7 0-1

[Event "Wch U18 Girls"]
[Site "Al Ain"]
[Date "2013.12.23"]
[Round "7"]
[White "Bortnyk, Mariia"]
[Black "Nguyen, Thien Viet"]
[Result "1-0"]
[WhiteElo "2081"]
[BlackElo "1945"]
[PlyCount "81"]
[EventDate "2013.12.18"]
[EventType "swiss"]
[EventRounds "11"]
[EventCountry "UAE"]
[SourceTitle "CBM 158 Extra"]
[Source "ChessBase"]
[SourceDate "2014.02.28"]
[SourceVersion "1"]
[SourceVersionDate "2014.02.28"]
[SourceQuality "1"]

1. e4 Nf6 2. d3 e5 3. Nf3 d6 4. g3 Nc6 5. Bg2 Bg4 6. h3 Bh5 7. c3 Be7 8. 0-0 0-0 9. Nbd2 d5 10. Re1 dxe4 11. dxe4 b5 12. a4 a6 13. Qb3 Rb8 14. axb5 axb5 15. Nf1 Qc8 16. Nh4 Re8 17. Nf5 Bf8 18. Bg5 Nd7 19. g4 Bg6 20. N1g3 Nc5 21. Qd5 Qe6 22. b4 Na4 23. Rec1 f6 24. Be3 Bf7 25. c4 Nb2 26. cxb5 Qxd5 27. exd5 Nxb4 28. Rxc7 Nxd5 29. Rxf7 Nxe3 30. Rxf8+ Rxf8 31. fxe3 Rxb5 32. Ra7 g6 33. Nh6+ Kh8 34. Ne4 Rb6 35. g5 f5 36. Nf6 Rbxf6 37. gxf6 Rxf6 38. Bd5 Rf8 39. h4 g5 40. hxg5 Rc8 41. Nf7+ 1-0

[Event "EU-ch U16 Girls 23rd"]
[Site "Budva"]
[Date "2013.10.07"]
[Round "8"]
[White "Bortnyk, Mariia"]
[Black "Malassagne, Isabelle"]
[Result "1-0"]
[WhiteElo "2085"]
[BlackElo "2009"]
[PlyCount "99"]
[EventDate "2013.09.29"]
[EventType "swiss"]
[EventRounds "9"]
[EventCountry "MNE"]
[SourceTitle "EXT 2014"]
[Source "ChessBase"]
[SourceDate "2013.11.20"]
[SourceVersion "1"]
[SourceVersionDate "2013.11.20"]
[SourceQuality "1"]

1. e4 e5 2. Nf3 Nc6 3. Bb5 a6 4. Ba4 Nf6 5. 0-0 Be7 6. Re1 b5 7. Bb3 d6 8. c3 0-0 9. h3 Bb7 10. d3 Na5 11. Bc2 c5 12. Nbd2 Re8 13. Nf1 h6 14. Ng3 Bf8 15. d4 exd4 16. cxd4 Nc6 17. d5 Ne5 18. Nxe5 Rxe5 19. b3 Rc8 20. Bb2 Re8 21. Qf3 Nd7 22. Nf5 Ne5 23. Qc3 c4 24. b4 Qf6 25. Rad1 a5 26. f4 Nd3 27. Qxf6 gxf6 28. Bxd3 cxd3 29. Rxd3 axb4 30. Bxf6 Kh7 31. e5 Rc4 32. Rf1 dxe5 33. fxe5 Bc5+ 34. Kh2 Rc2 35. Rff3 Rc1 36. Ne3 Rg8 37. Bh4 Rg7 38. Bf2 Bxe3 39. Bxe3 Rc2 40. Rf2 Rc3 41. Rxc3 bxc3 42. d6 Bc6 43. Bd4 Rg6 44. d7 Bxd7 45. Rxf7+ Kg8 46. Rxd7 Rc6 47. e6 c2 48. Rd8+ Kh7 49. e7 Re6 50. Rc8 1-0

[Event "EU-ch U16 Girls 23rd"]
[Site "Budva"]
[Date "2013.10.06"]
[Round "7"]
[White "Beinenson, Katsiaryna"]
[Black "Bortnyk, Mariia"]
[Result "0-1"]
[WhiteElo "1993"]
[BlackElo "2085"]
[PlyCount "58"]
[EventDate "2013.09.29"]
[EventType "swiss"]
[EventRounds "9"]
[EventCountry "MNE"]
[SourceTitle "EXT 2014"]
[Source "ChessBase"]
[SourceDate "2013.11.20"]
[SourceVersion "1"]
[SourceVersionDate "2013.11.20"]
[SourceQuality "1"]

1. e4 d5 2. exd5 Qxd5 3. d4 Nc6 4. Nf3 Bg4 5. Be2 0-0-0 6. c4 Qf5 7. Be3 Nf6 8. h3 Bxf3 9. Bxf3 e5 10. Bxc6 Bb4+ 11. Nc3 exd4 12. Bxb7+ Kxb7 13. Qb3 c5 14. a3 dxe3 15. 0-0 Rd2 16. axb4 exf2+ 17. Kh1 Rb8 18. Qa4 Nh5 19. Qxa7+ Kc8 20. Ne4 Rd7 21. Qa6+ Kd8 22. Qc6 Qxe4 23. Qxc5 Ng3+ 24. Kh2 Nxf1+ 25. Rxf1 Qf4+ 26. g3 Qd6 27. Qg5+ f6 28. Qd5 Qb6 29. Qf5 Qxb4 0-1

[Event "EU-ch U16 Girls 23rd"]
[Site "Budva"]
[Date "2013.10.03"]
[Round "5"]
[White "Hincu, Olga"]
[Black "Bortnyk, Mariia"]
[Result "1-0"]
[WhiteElo "1991"]
[BlackElo "2085"]
[PlyCount "85"]
[EventDate "2013.09.29"]
[EventType "swiss"]
[EventRounds "9"]
[EventCountry "MNE"]
[SourceTitle "EXT 2014"]
[Source "ChessBase"]
[SourceDate "2013.11.20"]
[SourceVersion "1"]
[SourceVersionDate "2013.11.20"]
[SourceQuality "1"]

1. d4 Nf6 2. Nf3 c5 3. c4 e6 4. Nc3 Be7 5. g3 b6 6. Bg2 Bb7 7. d5 exd5 8. cxd5 d6 9. 0-0 0-0 10. Re1 Nbd7 11. e4 a6 12. a4 Re8 13. b3 Ng4 14. Nd2 Bf6 15. Bb2 Nge5 16. Qe2 Ng6 17. Nc4 Qe7 18. Ne3 Rac8 19. Nf5 Qf8 20. Rad1 c4 21. bxc4 Nge5 22. Ne3 Nc5 23. f4 Ned7 24. Qc2 g6 25. Rd2 Bg7 26. Ncd1 Bxb2 27. Nxb2 b5 28. axb5 axb5 29. Rde2 Qg7 30. Kh1 b4 31. Ned1 Ra8 32. Bh3 Ra3 33. Bxd7 Nxd7 34. Qd2 Rb3 35. Re3 Rxe3 36. Rxe3 Nc5 37. e5 b3 38. exd6 Rd8 39. Qa5 Rc8 40. Qxc5 Rxc5 41. Re8+ Qf8 42. d7 Bxd5+ 43. Kg1 1-0

[Event "Moscow Dvorkovich Cup U16 8th"]
[Site "Moscow"]
[Date "2013.06.30"]
[Round "5.4"]
[White "Rodionova, Polina"]
[Black "Bortnyk, Mariia"]
[Result "1/2-1/2"]
[WhiteElo "2146"]
[BlackElo "2045"]
[PlyCount "73"]
[EventDate "2013.06.25"]
[EventType "team-tourn"]
[EventRounds "7"]
[EventCountry "RUS"]
[SourceTitle "CBM 155 Extra"]
[Source "ChessBase"]
[SourceDate "2013.08.26"]
[SourceVersion "1"]
[SourceVersionDate "2013.08.26"]
[SourceQuality "1"]
[WhiteTeam "Dvorkovich Chess Parlour U16"]
[BlackTeam "Ukraine U16"]
[WhiteTeamCountry "RUS"]
[BlackTeamCountry "UKR"]

1. e4 d6 2. d4 Nf6 3. Nc3 e5 4. Nf3 Nbd7 5. Bc4 Be7 6. 0-0 0-0 7. Re1 c6 8. a4 b6 9. Bg5 a6 10. Bxf6 Bxf6 11. d5 c5 12. Bf1 g6 13. Nd2 Bg7 14. Nc4 Qe7 15. Rb1 f5 16. b4 Rf6 17. Rb3 b5 18. axb5 axb5 19. Nxb5 cxb4 20. Rxb4 fxe4 21. Nc3 Nc5 22. Nb6 Rb8 23. Nxc8 Rxc8 24. Nxe4 Nxe4 25. Rexe4 Qa7 26. Re2 Rcf8 27. Qe1 Qc5 28. c4 e4 29. Rb5 Qd4 30. Rb1 Qxc4 31. Rxe4 Qc5 32. Qe3 Qc2 33. Bd3 Qxf2+ 34. Qxf2 Rxf2 35. Rf1 Rxf1+ 36. Bxf1 Be5 37. g3 1/2-1/2

[Event "Wch U18 Girls"]
[Site "Al Ain"]
[Date "2013.??.??"]
[Round "3"]
[White "Ibrahimova, Sabina Oqtay"]
[Black "Bortnyk, Mariia"]
[Result "1/2-1/2"]
[WhiteElo "2205"]
[BlackElo "2081"]
[PlyCount "71"]
[EventDate "2013.12.18"]
[EventType "swiss"]
[EventRounds "11"]
[EventCountry "UAE"]
[SourceTitle "CBM 158 Extra"]
[Source "ChessBase"]
[SourceDate "2014.02.28"]
[SourceVersion "1"]
[SourceVersionDate "2014.02.28"]
[SourceQuality "1"]

1. e4 g6 2. d4 Bg7 3. Nc3 c6 4. Nf3 d5 5. h3 dxe4 6. Nxe4 Nf6 7. Bd3 0-0 8. 0-0 Nbd7 9. Nxf6+ Nxf6 10. Qe2 b6 11. Re1 e6 12. Bd2 Bb7 13. Rad1 Qd6 14. Bc1 c5 15. dxc5 Qxc5 16. c4 Rad8 17. a3 Qh5 18. Ne5 Qxe2 19. Bxe2 Ne4 20. Nd7 Rfe8 21. Bf3 Bc6 22. Bxe4 Bxd7 23. b3 Bc3 24. Bd2 Bxd2 25. Rxd2 Bc8 26. Red1 Rxd2 27. Rxd2 Kg7 28. b4 f5 29. Bc6 Re7 30. f4 Kf6 31. Rd6 g5 32. g3 gxf4 33. gxf4 Bb7 34. Kf2 Bxc6 35. Rxc6 Rd7 36. Ke3 1/2-1/2

[Event "Wch U18 Girls"]
[Site "Maribor"]
[Date "2012.11.12"]
[Round "6.11"]
[White "Voit, Daria"]
[Black "Bortnyk, Mariia"]
[Result "1-0"]
[WhiteElo "2269"]
[BlackElo "2025"]
[PlyCount "81"]
[EventDate "2012.11.08"]
[EventType "swiss"]
[EventRounds "11"]
[EventCountry "SLO"]
[SourceTitle "EXT 2013"]
[Source "ChessBase"]
[SourceDate "2012.11.22"]
[SourceVersion "1"]
[SourceVersionDate "2012.11.22"]
[SourceQuality "1"]

1. Nf3 Nf6 2. c4 c5 3. Nc3 Nc6 4. g3 g6 5. Bg2 Bg7 6. 0-0 0-0 7. d4 cxd4 8. Nxd4 Nxd4 9. Qxd4 d6 10. Qd2 Qc7 11. b3 Bd7 12. Bb2 Bc6 13. e4 b6 14. Nd5 Nxd5 15. exd5 Bb7 16. Bxg7 Kxg7 17. h4 Rae8 18. h5 Qc5 19. h6+ Kg8 20. Rae1 Bc8 21. Qb2 f6 22. Re3 Rf7 23. Rc1 a5 24. a3 Bd7 25. b4 Qc7 26. Qd4 a4 27. c5 dxc5 28. bxc5 bxc5 29. Qxc5 Qd6 30. Bf1 Kf8 31. Qxd6 exd6 32. Rxe8+ Kxe8 33. Rb1 f5 34. f4 Ke7 35. Kf2 Rf8 36. Rb7 Rd8 37. Bb5 Ke8 38. Bxa4 Bxa4 39. Rxh7 Rd7 40. Rxd7 Bxd7 41. h7 1-0

[Event "EU-ch U16 Girls"]
[Site "Prague"]
[Date "2012.08.25"]
[Round "9"]
[White "Bortnyk, Mariia"]
[Black "Hiebler, Laura"]
[Result "1-0"]
[WhiteElo "2056"]
[BlackElo "1795"]
[PlyCount "45"]
[EventDate "2012.08.17"]
[EventType "swiss"]
[EventRounds "9"]
[EventCountry "CZE"]
[SourceTitle "CBM 150 Extra"]
[Source "ChessBase"]
[SourceDate "2012.10.19"]
[SourceVersion "1"]
[SourceVersionDate "2012.10.19"]
[SourceQuality "1"]

1. e4 e5 2. Nf3 Nc6 3. Bb5 a6 4. Ba4 Nf6 5. 0-0 Nxe4 6. d4 exd4 7. Re1 d5 8. Nxd4 Bd6 9. Qf3 Bd7 10. Nxc6 bxc6 11. Nc3 Bb4 12. Nxe4 Bxe1 13. Bg5 Bxf2+ 14. Qxf2 Qc8 15. Qc5 f6 16. Nxf6+ Kf7 17. Nxd7 Qxd7 18. Bxc6 Qd6 19. Bxd5+ Ke8 20. Re1+ Kd7 21. Re7+ Kc8 22. Qxd6 cxd6 23. Bxa8 1-0

[Event "Kharkov Femida (Women)"]
[Site "Kharkov"]
[Date "2011.11.27"]
[Round "8"]
[White "Bortnyk, Mariia"]
[Black "Andrenko, Irina"]
[Result "1/2-1/2"]
[WhiteElo "2059"]
[BlackElo "2210"]
[PlyCount "109"]
[EventDate "2011.11.20"]
[EventType "tourn"]
[EventRounds "9"]
[EventCountry "UKR"]
[SourceTitle "CBM 145 Extra"]
[Source "ChessBase"]
[SourceDate "2012.01.03"]
[SourceVersion "1"]
[SourceVersionDate "2012.01.03"]
[SourceQuality "1"]

1. e4 g6 2. d4 Bg7 3. Nc3 d6 4. Nf3 a6 5. Be2 b5 6. 0-0 Bb7 7. a3 Nd7 8. Re1 c5 9. Be3 cxd4 10. Bxd4 Ngf6 11. a4 e5 12. Be3 b4 13. Nd5 Nxe4 14. Nxb4 Qa5 15. c3 0-0 16. Nd2 Nxd2 17. Qxd2 d5 18. Bf3 Nf6 19. Bg5 e4 20. Bd1 Nd7 21. Bb3 Nb6 22. Rad1 Nc4 23. Bxc4 dxc4 24. Qd7 Qxg5 25. Qxb7 Qa5 26. Rd7 Rab8 27. Qxe4 Qxa4 28. Qd5 Rb5 29. Qd2 Rbb8 30. g3 a5 31. Ra7 Qb5 32. Nd5 Qxb2 33. Qxb2 Rxb2 34. Rxa5 Rd8 35. Rd1 Kf8 36. Kf1 Rb7 37. Rc5 Rbd7 38. Ke2 Re8+ 39. Ne3 Rxd1 40. Kxd1 Bxc3 41. Rxc4 Rd8+ 42. Ke2 Rd2+ 43. Kf3 Bd4 44. Rc2 Bxe3 45. Rc8+ Kg7 46. Kxe3 Rd1 47. Kf3 h5 48. Rc5 Re1 49. h4 Re6 50. Kf4 Rf6+ 51. Ke3 Re6+ 52. Kf4 Rf6+ 53. Ke3 Re6+ 54. Kf4 Rf6+ 55. Ke3 1/2-1/2

[Event "Kharkov Femida (Women)"]
[Site "Kharkov"]
[Date "2011.11.24"]
[Round "5"]
[White "Lomakina, Galja"]
[Black "Bortnyk, Mariia"]
[Result "0-1"]
[WhiteElo "2085"]
[BlackElo "2059"]
[PlyCount "138"]
[EventDate "2011.11.20"]
[EventType "tourn"]
[EventRounds "9"]
[EventCountry "UKR"]
[SourceTitle "CBM 145 Extra"]
[Source "ChessBase"]
[SourceDate "2012.01.03"]
[SourceVersion "1"]
[SourceVersionDate "2012.01.03"]
[SourceQuality "1"]

1. b3 Nf6 2. Bb2 g6 3. e3 Bg7 4. Nf3 0-0 5. c4 d6 6. Be2 e5 7. d3 Nc6 8. 0-0 h6 9. Nbd2 Qe7 10. a3 a5 11. Qc2 Bf5 12. Rad1 Rad8 13. Rfe1 g5 14. Ne4 Nxe4 15. dxe4 Bg6 16. Bd3 g4 17. Nd2 h5 18. Bc3 Qg5 19. b4 axb4 20. axb4 Ne7 21. Ra1 Rd7 22. Ra7 c6 23. Rea1 f5 24. exf5 Bxf5 25. e4 Bg6 26. Nf1 Qf4 27. Ra8 Nc8 28. Be1 Rdf7 29. Rb8 h4 30. Raa8 Nb6 31. Rxf8+ Bxf8 32. Rb8 Kh7 33. Qe2 d5 34. Bd2 Qf6 35. exd5 cxd5 36. Bxg6+ Qxg6 37. cxd5 Bd6 38. Re8 Nxd5 39. b5 h3 40. Qc4 Nb6 41. Qb3 hxg2 42. Ne3 Rf6 43. Rd8 Bc7 44. Rd3 e4 45. Rc3 Be5 46. Nxg2 Bxc3 47. Qxc3 Nd5 48. Qd4 e3 49. Nxe3 Nf4 50. Qd7+ Rf7 51. Qxg4 Qb1+ 52. Qd1 Rg7+ 53. Kh1 Qe4+ 54. f3 Nh3 55. Ng2 Qg6 56. Qf1 Ng5 57. Be3 Ne6 58. f4 Qe4 59. f5 Rf7 60. Qd1 Qxf5 61. Kg1 Rg7 62. Kh1 Qg6 63. Qf1 Nc7 64. Bd4 Rg8 65. b6 Ne6 66. Be3 Ng5 67. Qf4 Qb1+ 68. Bg1 Qxg1+ 69. Kxg1 Nh3+ 0-1